Cơ sở cơ học môi trường liên tục và lý thuyết đàn hồi

Đã lưu trong:
Chi tiết về thư mục
Tác giả chính: Lê Ngọc Hồng
Định dạng: Sách
Ngôn ngữ:Vietnamese
Được phát hành: Hà Nội 1997
Các nhãn: Thêm thẻ
Không có thẻ, Là người đầu tiên thẻ bản ghi này!
Thư viện lưu trữ: Mạng thư viện Đại học Đà Nẵng
LEADER 00681nam a2200253 4500
001 000021639
003 18087
005 20150422140421.0
008 150422s1997 viesd
020 |c 21200 
041 0 |a vie 
082 1 4 |a 531,38  |b LÊ-H 
100 1 |a Lê Ngọc Hồng 
245 1 0 |a Cơ sở cơ học môi trường liên tục và lý thuyết đàn hồi  |c Lê Ngọc Hồng, Lê Ngọc Thạch 
260 |b Hà Nội  |c 1997 
300 |a tr.  |c cm. 
OWN |a LSP 
999 |a From the UDN01 
TYP |a Monograph 
TYP |a Printed language 
980 |a Mạng thư viện Đại học Đà Nẵng